| 000 | 01450cam a2200301 4500 | ||
|---|---|---|---|
| 001 | ABS64457 | ||
| 008 | 010828n2001 000 0 eng u | ||
| 035 | _a(Sirsi) u114345 | ||
| 100 | _aWilkinson, H | ||
| 245 | _aPrescriptive easements - change in the nature of the use | ||
| 260 | _c2001 | ||
| 490 |
_aNew Law Journal _v151(6996) 10 August 2001, 1207-1208(2) |
||
| 520 | _aStudies the issues raised in the case, "Attwood v Bovis Homes Ltd". A piece of land, bought by Bovis, was to change from agricultural to residential use but due to a prescriptive easement of drainage, Bovis needed to ensure no greater volume of water flowed through Attwood's land than before. The disputed issue was over whether changes in use of the land may result in substantial change to the use of the easement. By comparing with other similar cases, the judge came to the conclusion that this would normally lead to the loss or suspension of the easement. | ||
| 590 | _aABS | ||
| 650 | _aPRESCRIPTIVE RIGHTS | ||
| 650 | _aDRAINAGE RIGHTS | ||
| 650 | _aCHANGES OF USE | ||
| 650 | _aRIGHTS OF WAY | ||
| 650 | _aLOST MODERN GRANT | ||
| 650 | _aATTWOOD AND OTHERS V BOVIS HOMES LTD | ||
| 650 | _aBRITISH RAILWAYS BOARD V GLASS | ||
| 650 | _aCARGILL V GOTTS | ||
| 650 | _aHARVEY V WALTERS | ||
| 650 | _aTODRICK V WESTERN NATIONAL OMNIBUS CO LTD | ||
| 650 | _aWHITE V GRAND HOTEL EASTBOURNE LTD | ||
| 690 |
_aBoundary disputes _96221 |
||
| 942 | _n0 | ||
| 999 |
_c68091 _d68091 |
||